Tem um leão na minha casa! (Record no. 148705)
[ view plain ]
| 000 -LÍDER | |
|---|---|
| campo de controle de tamanho fixo | 00372 a2200157 4500 |
| 001 - NÚMERO DE CONTROLE | |
| campo de controle | 148705 |
| 040 ## - FONTE DA CATALOGAÇÃO | |
| Instituição que transcreveu o registro | Escola São Tomás de Aquino |
| 100 ## - ENTRADA PRINCIPAL--NOME PESSOAL | |
| Nome pessoal | HETZEL, Graziela Bozano |
| 240 10 - TÍTULO UNIFORME | |
| Título uniforme | Tem um leão na minha casa! |
| Idioma da obra | por |
| 245 10 - TÍTULO | |
| Título | Tem um leão na minha casa! |
| 300 ## - DESCRIÇÃO FÍSICA | |
| Extensão | 20 |
| 362 0# - DATAS DE PUBLICAÇÃO E/OU DESIGNAÇÃO SEQUENCIAL | |
| Datas de publicação e/ou designação sequencial | 2000 |
| 440 #1 - DECLARAÇÃO DE SÉRIE/ENTRADA ADICIONADA--TÍTULO | |
| Título | Record |
| 697 ## - ENTRADA DE ASSUNTO LOCAL--ENTIDADE COLETIVA (RLIN) | |
| Nome corporativo ou nome da jurisdição | *LITERATURA INFANTO |
| 942 ## - ELEMENTOS DE ENTRADA ADICIONADOS (KOHA) | |
| Tipo de material Koha | Livros |
| Situação do descarte | Situação das perdas | Situação física | Não pode ser emprestado | Biblioteca de origem | Biblioteca atual | Data de aquisição | Total de empréstimos | Número de chamada completo | Código de barras | Data de último acesso | Data do preço efetivo | Tipo de material Koha |
|---|---|---|---|---|---|---|---|---|---|---|---|---|
| ESTA - SÃO BENTO | ESTA - SÃO BENTO | 30/04/2024 | 028.52 HET TEM | EST00002713 | 30/04/2024 | 30/04/2024 | Livros |